000 00687nam a2200205Ia 4500
005 20260121110047.0
008 008 260114s9999 xx 000 0 hin d
020 _a9788132353638
037 _aEBOOK
040 _aCRL
_bhin
_cCRL
041 _ahin
_2hin
084 _qCRL
100 _aआशुतोष पाल / Ashutosh Pal
_9941557
245 0 _aज्यामितीय एवं भौतिक प्रकाशिकी / Jyaamitiy aur Bhoutik Prakashiki
260 _bभाषा प्रकाशन / Bhasha Prakashan
_c2020
856 _uhttps://bhashaprakashan.com/product-details/382476
942 _cEBOOK
999 _c1533222
_d1533222